000 00452cam a2200181ua 4500
020 _c150
041 _aeng
_h
082 _a020
_bPIY/CO
100 _aPiyushkanti, Mahaputra .
245 _aComputer in Library services /
_cPiyushkanti Mahaputra.
_hTextual Documents
250 _a1 /
_b.
260 _aCalcutta :
_bWorld press Pvt Ltd ,
_c1985.
300 _a295 ; .
365 _a150
504 _a
942 _cBK
999 _c3279
_d3279